000 00546nam a2200181 a 4500
001 3147
003 CO-ViMGA
008 141112s2004 ck r 000 u spa d
040 _aCO-ViMGA
_bspa
_cCO-ViMGA
082 0 4 _aR641.5 C624
245 1 0 _aCocina total
260 _aSantafé de Bogotá :
_bTerranova,
_c1997
300 _a4 v : il
500 _aContiene : V.1, Tecnicas modernas; V.2, Cacina básica; V.3, Recetas espaciales; V.4, Menú a su gusto.
650 1 4 _aCULINARIA
_911111
650 1 4 _aRECETAS DE COCINA
_911110
942 _2ddc
_cBK
999 _c15199
_d15199